Previ: introducción / (Registro nro. 2172)
[ vista simple ]
| 000 -LEADER | |
|---|---|
| fixed length control field | 00889nam a2200229Ia 4500 |
| 003 - CONTROL NUMBER IDENTIFIER | |
| control field | PE SENCICO BE |
| 005 - DATE AND TIME OF LATEST TRANSACTION | |
| control field | 20251020182534.0 |
| 008 - FIXED-LENGTH DATA ELEMENTS--GENERAL INFORMATION | |
| fixed length control field | 200515s9999 xx 000 0 und d |
| 040 ## - CATALOGING SOURCE | |
| Original cataloging agency | PE SENCICO BE |
| Transcribing agency | PE SENCICO BE |
| 041 ## - LANGUAGE CODE | |
| Language code of text/sound track or separate title | spa |
| 082 ## - DEWEY DECIMAL CLASSIFICATION NUMBER | |
| Classification number | 72.015:728(85) |
| Edition information | 1 |
| Item number | I59 |
| 110 1# - MAIN ENTRY--CORPORATE NAME | |
| 9 (RLIN) | 81 |
| Corporate name or jurisdiction name as entry element | Ministerio de Vivienda del Perú |
| Subordinate unit | Instituto de Investigación y Normalización de la Vivienda |
| 245 10 - TITLE STATEMENT | |
| Title | Previ: introducción / |
| Statement of responsibility, etc. | Instituto de Investigación y Normalización de la Vivienda |
| 260 ## - PUBLICATION, DISTRIBUTION, ETC. | |
| Place of publication, distribution, etc. | Lima: |
| Name of publisher, distributor, etc. | Previ: |
| Date of publication, distribution, etc. | s.a. |
| 300 ## - PHYSICAL DESCRIPTION | |
| Extent | 86 p.: |
| Other physical details | diagrs., cuadros; |
| Dimensions | 29 cm. |
| 520 ## - SUMMARY, ETC. | |
| Summary, etc. | Reseña de la metodología y el desarrollo del trabajo realizado en el proyecto Previ |
| 650 10 - SUBJECT ADDED ENTRY--TOPICAL TERM | |
| Topical term or geographic name entry element | Historia urbana |
| 9 (RLIN) | 76 |
| 650 20 - SUBJECT ADDED ENTRY--TOPICAL TERM | |
| Topical term or geographic name entry element | Viviendas |
| 9 (RLIN) | 77 |
| 650 20 - SUBJECT ADDED ENTRY--TOPICAL TERM | |
| Topical term or geographic name entry element | Diseño de estructuras |
| 9 (RLIN) | 16 |
| 650 20 - SUBJECT ADDED ENTRY--TOPICAL TERM | |
| Topical term or geographic name entry element | Urbanismo |
| 9 (RLIN) | 78 |
| 942 ## - ADDED ENTRY ELEMENTS (KOHA) | |
| Koha item type | Libros |
| Source of classification or shelving scheme | Dewey Decimal Classification |
| Edition | 1 |
| Classification part | 72.015:728(85) |
| Item part | I59 |
| Fecha de la última vez que lo usaron | Pago total | Signatura topográfica completa | Código de barras | Precio efectivo desde | Tipo de documento | Estado perdido | Estado dañado | No es para préstamo | Retirado | Ubicación permanente | Ubicación actual | Fecha de adquisición |
|---|---|---|---|---|---|---|---|---|---|---|---|---|
| 15/05/2020 | 72.015:728(85)/I59/1 | Bib-Lima15052172 | 15/05/2020 | Libros | Biblioteca Central Lima | Biblioteca Central Lima | 15/05/2020 |